书目信息 |
| 题名: |
天津文史资料选辑
|
|
| 作者: | ;政协天津市委员会文史资料研究委员会 编 | |
| 分册: | 第三辑 | |
| 出版信息: | 天津 天津人民出版社 1979 |
|
| 页数: | 197页 | |
| 开本: | 20cm | |
| 丛书名: | ||
| 单 册: | ||
| 中图分类: | K292.1 | |
| 科图分类: | ||
| 主题词: | 文史资料--天津 | |
| 电子资源: | ||
| ISBN: | ||
| 000 | 00745nam0 2200229 45 | |
| 001 | 0179007102 | |
| 005 | 20060724090115.28 | |
| 010 | @dCNY0.60 | |
| 091 | @aCN@b11072.44 | |
| 100 | @a19950725d1979 em y0chiy0121 ea | |
| 101 | 0 | @achi |
| 102 | @aCN@b120000 | |
| 105 | @ay z 000yy | |
| 200 | 10 | @a天津文史资料选辑@Atian jin wen shi zi liao xuan ji@h第三辑@f中国人民政治协商会议天津市委员会文史资料研究委员会编 |
| 210 | @a天津@c天津人民出版社@d1979 | |
| 215 | @a197页@d20cm | |
| 300 | @a内部发行 | |
| 606 | @a文史资料@y天津 | |
| 690 | @aK292.1@v3 | |
| 711 | 02 | @a政协天津市委员会文史资料研究委员会@Azheng xie tian jin shi wei yuan hui wen shi zi liao yan jiu wei yuan hui@4编 |
| 801 | 0 | @aCN@bTSSF@c20060724 |
| 905 | @a10447@dK292.1@e119:3 | |
| 天津文史资料选辑.第三辑/中国人民政治协商会议天津市委员会文史资料研究委员会编.-天津:天津人民出版社,1979 |
| 197页;20cm |
| 内部发行 |
| ISBN :CNY0.60 |
| ● |
| 相关链接 |
|
|
|
|
正题名:天津文史资料选辑
索取号:K292.1/119:3
 
预约/预借
| 序号 | 登录号 | 条形码 | 馆藏地/架位号 | 状态 | 备注 |
| 1 | 0435751 | 204357515 | 密集书库/ [索取号:K292.1/119:3] | 在馆 |